[Event "VIE-chT"]
[Site "Ho Chi Minh City"]
[Date "2017.07.26"]
[Round "4.32"]
[White "Nguyen, Thanh Son"]
[Black "Vo, Kim Cang"]
[Result "1-0"]
[WhiteElo "2393"]
[BlackElo "2030"]
[PlyCount "63"]
[EventDate "2017.07.24"]
[EventType "team-swiss"]
[EventRounds "9"]
[EventCountry "VIE"]
[SourceTitle "EXT 2019"]
[Source "ChessBase"]
[SourceDate "2018.10.10"]
[SourceVersion "1"]
[SourceVersionDate "2018.10.10"]
[SourceQuality "1"]

1. c3 e6 2. Nf3 Nf6 3. d4 b6 4. Bg5 Bb7 5. Nbd2 Be7 6. e3 d5 7. Bd3 0-0 8. 0-0 Ne4 9. Bxe7 Qxe7 10. Qc2 f5 11. Ne5 c5 12. f3 Nxd2 13. Qxd2 Nd7 14. f4 Nxe5 15. fxe5 c4 16. Bc2 Bc6 17. h3 Kh8 18. Kh2 Rf7 19. Rf3 g6 20. Raf1 Rd8 21. Qf2 Kg8 22. Kg1 Kg7 23. Rg3 b5 24. h4 b4 25. cxb4 Qxb4 26. Bd1 Rb7 27. h5 f4 28. exf4 Qxb2 29. Bc2 Qxa2 30. hxg6 h6 31. Rh3 Rb3 32. Qh4 1-0

[Event "VIE-chT"]
[Site "Ho Chi Minh City"]
[Date "2017.07.25"]
[Round "3.43"]
[White "Nguyen, Thanh Tuong"]
[Black "Nguyen, Thanh Son"]
[Result "0-1"]
[WhiteElo "1997"]
[BlackElo "2393"]
[PlyCount "70"]
[EventDate "2017.07.24"]
[EventType "team-swiss"]
[EventRounds "9"]
[EventCountry "VIE"]
[SourceTitle "EXT 2019"]
[Source "ChessBase"]
[SourceDate "2018.10.10"]
[SourceVersion "1"]
[SourceVersionDate "2018.10.10"]
[SourceQuality "1"]

1. e4 c5 2. Nf3 d6 3. d4 cxd4 4. Nxd4 Nf6 5. Nc3 a6 6. Be3 e6 7. Bd3 b5 8. a3 Bb7 9. 0-0 Nbd7 10. f3 Be7 11. Qd2 0-0 12. Kh1 d5 13. exd5 Nxd5 14. Nxd5 Bxd5 15. c3 Ne5 16. Be2 Nc4 17. Bxc4 bxc4 18. Rfd1 Bf6 19. Qe2 Qb8 20. Nf5 Rd8 21. Ng3 Be5 22. Bf2 g6 23. Qe3 Bf4 24. Qb6 Qxb6 25. Bxb6 Rdb8 26. Bf2 Rxb2 27. Be1 Rab8 28. Ne4 Bxe4 29. fxe4 Re2 30. Bh4 g5 31. Be1 Rbb2 32. Rd4 Rxg2 33. Rxc4 Rxh2+ 34. Kg1 Be3+ 35. Kf1 Rh1# 0-1

[Event "VIE-chT"]
[Site "Ho Chi Minh City"]
[Date "2015.07.23"]
[Round "8.4"]
[White "Nguyen, Thanh Son"]
[Black "Nguyen, Van Huy"]
[Result "1/2-1/2"]
[WhiteElo "2393"]
[BlackElo "2457"]
[PlyCount "99"]
[EventDate "2015.07.16"]
[EventType "team-swiss"]
[EventRounds "9"]
[EventCountry "VIE"]
[SourceTitle "EXT 2016"]
[Source "ChessBase"]
[SourceDate "2015.10.08"]
[SourceVersion "1"]
[SourceVersionDate "2015.10.08"]
[SourceQuality "1"]

1. e4 c6 2. d3 d5 3. Nd2 e5 4. Ngf3 Bd6 5. d4 exd4 6. exd5 cxd5 7. Bb5+ Bd7 8. Bxd7+ Qxd7 9. 0-0 Nc6 10. Nb3 Nge7 11. Nbxd4 0-0 12. c3 Rfe8 13. Qd3 Nxd4 14. Nxd4 Nc6 15. Nf5 Bc7 16. Qh3 Rad8 17. Be3 Re5 18. Bf4 Qxf5 19. Qxf5 Rxf5 20. Bxc7 Rd7 21. Rfe1 f6 22. Bg3 d4 23. Rad1 Rfd5 24. cxd4 Rxd4 25. Rxd4 Rxd4 26. Kf1 Rd2 27. Rb1 Kf7 28. Ke1 Rc2 29. Bf4 Ne5 30. Be3 Nc4 31. Bxa7 Nxb2 32. a3 b5 33. Kf1 Nc4 34. Rxb5 Nxa3 35. Rb7+ Kg8 36. g4 Nc4 37. Kg2 Ne5 38. g5 Rd2 39. gxf6 gxf6 40. Be3 Rd7 41. Rb8+ Kg7 42. Kg3 Nc6 43. Rb6 Ne7 44. Rb5 Kg6 45. Kg4 Nd5 46. Bc1 h5+ 47. Kf3 Ne7 48. Rb6 Rc7 49. Bb2 Rc6 50. Rb8 1/2-1/2

[Event "VIE-chT"]
[Site "Ho Chi Minh City"]
[Date "2015.07.21"]
[Round "6.4"]
[White "Nguyen, Thanh Son"]
[Black "Hoang, Van Ngoc"]
[Result "1-0"]
[WhiteElo "2393"]
[BlackElo "2204"]
[PlyCount "127"]
[EventDate "2015.07.16"]
[EventType "team-swiss"]
[EventRounds "9"]
[EventCountry "VIE"]
[SourceTitle "EXT 2016"]
[Source "ChessBase"]
[SourceDate "2015.10.08"]
[SourceVersion "1"]
[SourceVersionDate "2015.10.08"]
[SourceQuality "1"]

1. Nf3 d5 2. d4 Nf6 3. c4 c6 4. Nc3 dxc4 5. a4 Bf5 6. e3 e6 7. Bxc4 Bb4 8. 0-0 Nbd7 9. Qe2 0-0 10. e4 Bg6 11. e5 Nd5 12. Bg5 Qb6 13. Na2 a5 14. Rfd1 h6 15. Bh4 Rfe8 16. Nxb4 Nxb4 17. Rac1 Qc7 18. Bg3 Nb6 19. Bb3 Qd7 20. Nh4 Bh7 21. f4 N6d5 22. Qf3 Kh8 23. Be1 Qe7 24. g4 f6 25. Ng2 fxe5 26. dxe5 Qf7 27. Bg3 Rf8 28. Qe2 Qg6 29. Rd4 Rac8 30. Nh4 Qf7 31. Rf1 Qe7 32. f5 c5 33. f6 gxf6 34. exf6 Rxf6 35. Rxf6 Nxf6 36. Rd6 Rc6 37. Rxe6 Rxe6 38. Bxe6 Nc6 39. Nf5 Bxf5 40. gxf5 Qd8 41. Qe3 Qd1+ 42. Kg2 Kg7 43. Qxc5 Qe2+ 44. Qf2 Qe4+ 45. Qf3 Qc2+ 46. Bf2 Qxa4 47. Qg3+ Qg4 48. Qxg4+ Nxg4 49. Bb6 Nge5 50. b3 Kf6 51. Kg3 Nd3 52. Kf3 Ke5 53. Ke3 Ndb4 54. Bc7+ Kf6 55. Ke4 b5 56. Bg3 a4 57. bxa4 bxa4 58. Bh4+ Kg7 59. f6+ Kg6 60. f7 Kg7 61. Bg3 Ne7 62. Be5+ Kf8 63. Bf4 Kg7 64. Bxh6+ 1-0

[Event "VIE-chT"]
[Site "Ho Chi Minh City"]
[Date "2015.07.17"]
[Round "2.7"]
[White "Nguyen, Thanh Son"]
[Black "Doan, Van Duc"]
[Result "1-0"]
[WhiteElo "2393"]
[BlackElo "2142"]
[PlyCount "52"]
[EventDate "2015.07.16"]
[EventType "team-swiss"]
[EventRounds "9"]
[EventCountry "VIE"]
[SourceTitle "EXT 2016"]
[Source "ChessBase"]
[SourceDate "2015.10.08"]
[SourceVersion "1"]
[SourceVersionDate "2015.10.08"]
[SourceQuality "1"]

1. e4 c5 2. Nc3 Nc6 3. f4 d6 4. Nf3 g6 5. Bb5 Bd7 6. Bxc6 Bxc6 7. 0-0 Bg7 8. Qe1 Nh6 9. d3 e6 10. f5 Ng4 11. Qg3 Ne5 12. Ng5 Qe7 13. Nh3 0-0-0 14. fxe6 Qxe6 15. Nf4 Qd7 16. Nh5 Bf8 17. Nf6 Qe6 18. Bd2 Bg7 19. Nh5 gxh5 20. Qxg7 Rhg8 21. Qxh7 Rg6 22. Qxh5 Rdg8 23. g3 Bd7 24. Nd5 Qg4 25. Qxg4 Nxg4 26. Ne7+ Kc7 1-0

[Event "VIE-ch Resolution 7th"]
[Site "Bac Giang"]
[Date "2014.12.06"]
[Round "2"]
[White "Nguyen, Thanh Son"]
[Black "Pham, Duc Thang"]
[Result "1/2-1/2"]
[WhiteElo "2393"]
[BlackElo "2234"]
[PlyCount "103"]
[EventDate "2014.12.05"]
[EventType "swiss"]
[EventRounds "9"]
[EventCountry "VIE"]
[SourceTitle "EXT 2016"]
[Source "ChessBase"]
[SourceDate "2015.10.08"]
[SourceVersion "1"]
[SourceVersionDate "2015.10.08"]
[SourceQuality "1"]

1. d4 Nf6 2. g3 g6 3. Bg2 Bg7 4. e4 d6 5. Nc3 0-0 6. Nge2 c5 7. dxc5 dxc5 8. Qxd8 Rxd8 9. e5 Ne8 10. f4 Na6 11. Be3 Rb8 12. Nd5 Kf8 13. 0-0-0 b6 14. Ndc3 Rxd1+ 15. Rxd1 Nac7 16. a4 Ba6 17. Bc6 f6 18. exf6 Bxf6 19. Rd7 Rc8 20. Rd2 Nd6 21. b3 Nce8 22. Bf3 e6 23. Ne4 Nxe4 24. Bxe4 c4 25. Kd1 Ke7 26. Bd4 cxb3 27. cxb3 Bxe2+ 28. Kxe2 Bxd4 29. Rxd4 Rc3 30. Rd3 Rc2+ 31. Rd2 Rxd2+ 32. Kxd2 e5 33. fxe5 Ke6 34. Bc6 Nc7 35. Kd3 Kxe5 36. Kc4 g5 37. Bf3 Ne6 38. b4 Nd4 39. Bg4 h6 40. a5 Nc2 41. Kb5 Kd4 42. Bf5 Ne3 43. Be6 Ke5 44. axb6 axb6 45. Bb3 Kd4 46. Kxb6 Kc3 47. Be6 Kxb4 48. h4 g4 49. Kc6 Kc3 50. Kd6 Kd4 51. Ke7 Ke5 52. h5 1/2-1/2

[Event "VIE-ch Resolution 7th"]
[Site "Bac Giang"]
[Date "2014.12.05"]
[Round "1"]
[White "Le, Huu Thai"]
[Black "Nguyen, Thanh Son"]
[Result "0-1"]
[WhiteElo "2066"]
[BlackElo "2393"]
[PlyCount "80"]
[EventDate "2014.12.05"]
[EventType "swiss"]
[EventRounds "9"]
[EventCountry "VIE"]
[SourceTitle "EXT 2016"]
[Source "ChessBase"]
[SourceDate "2015.10.08"]
[SourceVersion "1"]
[SourceVersionDate "2015.10.08"]
[SourceQuality "1"]

1. e4 c5 2. Nf3 d6 3. d4 cxd4 4. Nxd4 Nf6 5. Nc3 a6 6. Bd3 Nc6 7. Nb3 g6 8. 0-0 Bg7 9. h3 d5 10. Nxd5 Nxd5 11. exd5 Qxd5 12. Qe2 0-0 13. c3 Bf5 14. Bc4 Qd6 15. Rd1 Qc7 16. Bd3 Bxd3 17. Rxd3 Rad8 18. Rxd8 Rxd8 19. Be3 Na5 20. Nc5 e5 21. a4 Bf8 22. b4 Bxc5 23. bxc5 f5 24. f4 exf4 25. Bf2 Qf7 26. Re1 Nc6 27. Qb2 g5 28. Qe2 h6 29. Rb1 Rd7 30. Rd1 Rxd1+ 31. Qxd1 Qe6 32. Qb1 Qd7 33. Qb3+ Kg7 34. Kh1 g4 35. Bd4+ Kg6 36. hxg4 fxg4 37. Qb1+ Kg5 38. Qd1 Nxd4 39. Qxd4 Qxd4 40. cxd4 a5 0-1

[Event "Ho Chi Minh City HD Bank op 1st"]
[Site "Ho Chi Minh City"]
[Date "2011.01.06"]
[Round "5"]
[White "Nguyen, Thanh Son"]
[Black "Pitirotjirathon, Jirapak"]
[Result "1-0"]
[WhiteElo "2437"]
[BlackElo "2310"]
[PlyCount "71"]
[EventDate "2011.01.04"]
[EventType "swiss"]
[EventRounds "9"]
[EventCountry "VIE"]
[SourceTitle "CBM 140 Extra"]
[Source "ChessBase"]
[SourceDate "2011.03.01"]
[SourceVersion "1"]
[SourceVersionDate "2011.03.01"]
[SourceQuality "1"]

1. Nf3 d5 2. g3 Nf6 3. Bg2 c6 4. 0-0 Bg4 5. d4 Nbd7 6. Nbd2 e6 7. h3 Bh5 8. g4 Bg6 9. Ne5 Nxe5 10. dxe5 Ne4 11. Nxe4 Bxe4 12. f3 Bg6 13. f4 Bc5+ 14. e3 Be4 15. Bxe4 dxe4 16. Qxd8+ Rxd8 17. Kf2 Ke7 18. Ke2 a5 19. Bd2 Bb4 20. c3 Bc5 21. b4 Bb6 22. c4 Rd3 23. bxa5 Bc5 24. Rab1 Rhd8 25. Rxb7+ Ke8 26. Rb2 f6 27. exf6 gxf6 28. Rc1 Kf7 29. Rcc2 Ra3 30. Rb3 Ra4 31. a3 Rxa3 32. Rxa3 Bxa3 33. Ra2 Bc5 34. Rb2 Ke7 35. Rb7+ Kd6 36. Bc3 1-0

[Event "Ho Chi Minh City HD Bank op 1st"]
[Site "Ho Chi Minh City"]
[Date "2011.01.05"]
[Round "4"]
[White "Lu, Yijie"]
[Black "Nguyen, Thanh Son"]
[Result "1-0"]
[WhiteElo "2311"]
[BlackElo "2437"]
[PlyCount "75"]
[EventDate "2011.01.04"]
[EventType "swiss"]
[EventRounds "9"]
[EventCountry "VIE"]
[SourceTitle "CBM 140 Extra"]
[Source "ChessBase"]
[SourceDate "2011.03.01"]
[SourceVersion "1"]
[SourceVersionDate "2011.03.01"]
[SourceQuality "1"]

1. e4 c5 2. Nf3 d6 3. d4 cxd4 4. Nxd4 Nf6 5. Nc3 a6 6. Be2 e6 7. Be3 Be7 8. Qd2 Nc6 9. 0-0-0 Qc7 10. f3 0-0 11. g4 b5 12. a3 Bb7 13. g5 Nd7 14. Rhg1 Na5 15. h4 Nb6 16. g6 hxg6 17. h5 Nac4 18. Bxc4 Nxc4 19. Qe2 e5 20. Ne6 fxe6 21. hxg6 Rf6 22. Qh2 Rxg6 23. Rxg6 Bf8 24. Bh6 Qf7 25. Rdg1 Bc6 26. Bxg7 Bxg7 27. Rxg7+ Qxg7 28. Rxg7+ Kxg7 29. b3 Nxa3 30. Qg1+ Kf6 31. Qb6 Rc8 32. Qxa6 Bd7 33. Qxa3 Rxc3 34. Qxd6 Be8 35. f4 Kf7 36. Qxe5 Rc8 37. f5 Rc6 38. f6 1-0

[Event "Asian Continental op 09th"]
[Site "Olongapo City"]
[Date "2010.04.24"]
[Round "4"]
[White "Nguyen, Thanh Son"]
[Black "Chan, Wei Xuan Timothy"]
[Result "1-0"]
[WhiteElo "2440"]
[BlackElo "2341"]
[PlyCount "83"]
[EventDate "2010.04.21"]
[EventType "swiss"]
[EventRounds "9"]
[EventCountry "PHI"]
[SourceTitle "CBM 136 Extra"]
[Source "ChessBase"]
[SourceDate "2010.07.02"]
[SourceVersion "2"]
[SourceVersionDate "2010.07.15"]
[SourceQuality "1"]

1. c4 Nf6 2. Nc3 e6 3. e4 c5 4. g3 Nc6 5. Bg2 d5 6. d3 dxc4 7. dxc4 Qxd1+ 8. Kxd1 Bd7 9. h3 0-0-0 10. Be3 Nd4 11. Kc1 Bc6 12. Rh2 h5 13. f4 h4 14. g4 Nd7 15. Nf3 Nb6 16. Nd2 g6 17. e5 Be7 18. Bxc6 Nxc6 19. Nce4 Nb4 20. a3 Nd3+ 21. Kc2 g5 22. fxg5 Nxe5 23. b3 Nbd7 24. Rf1 b6 25. Bf4 Rhg8 26. Re2 Nc6 27. Nf3 Nf8 28. Rd2 Ng6 29. Bd6 Kb7 30. Bxe7 Ncxe7 31. Nd6+ Kc7 32. Nxf7 Rxd2+ 33. Nxd2 Nc6 34. Rf6 Rg7 35. Nf3 Kd7 36. Rxg6 Rxf7 37. Rf6 Rxf6 38. gxf6 e5 39. Kd3 Ke6 40. g5 Nd4 41. Nxh4 Nxb3 42. Nf3 1-0

[Event "Asian Continental op 09th"]
[Site "Olongapo City"]
[Date "2010.04.23"]
[Round "3"]
[White "De Ramos, Julius"]
[Black "Nguyen, Thanh Son"]
[Result "0-1"]
[WhiteElo "2314"]
[BlackElo "2440"]
[PlyCount "111"]
[EventDate "2010.04.21"]
[EventType "swiss"]
[EventRounds "9"]
[EventCountry "PHI"]
[SourceTitle "CBM 136 Extra"]
[Source "ChessBase"]
[SourceDate "2010.07.02"]
[SourceVersion "2"]
[SourceVersionDate "2010.07.15"]
[SourceQuality "1"]

1. c4 Nf6 2. Nc3 g6 3. g3 Bg7 4. Bg2 0-0 5. d3 c5 6. Nf3 Nc6 7. 0-0 d6 8. a3 Bd7 9. Rb1 a5 10. Bd2 Qc8 11. Re1 Bh3 12. Bh1 h6 13. Qc1 Kh7 14. Nb5 Qd7 15. Bc3 a4 16. b4 axb3 17. Rxb3 e5 18. Qb1 Ng4 19. Bg2 Bxg2 20. Kxg2 f5 21. h3 Nf6 22. e3 Rf7 23. Nd2 f4 24. exf4 exf4 25. d4 fxg3 26. fxg3 Raf8 27. Re2 cxd4 28. Nxd4 Nxd4 29. Bxd4 Qc6+ 30. Kg1 Nh5 31. Bxg7 Qc5+ 32. Kh1 Nxg7 33. Qg1 Nf5 34. Rd3 Qc7 35. Kh2 Re7 36. Rf2 Rfe8 37. Qg2 Qc5 38. Qf3 Qe5 39. Nb3 h5 40. Rd5 Qe3 41. Nd4 Qxf3 42. Nxf3 Re2 43. Rxe2 Rxe2+ 44. Kg1 Re3 45. Kf2 Rxa3 46. g4 hxg4 47. hxg4 Ne3 48. Rxd6 Nxg4+ 49. Kg2 Rb3 50. c5 Ne3+ 51. Kf2 Nf5 52. Rd7+ Kh6 53. Ne5 Kg5 54. c6 bxc6 55. Nxc6 Kf6 56. Rd6+ 0-1

[Event "VIE-ch playoff"]
[Site "Ho Chi Minh City"]
[Date "2010.04.02"]
[Round "2.1"]
[White "Pham, Chuong"]
[Black "Nguyen, Thanh Son"]
[Result "0-1"]
[WhiteElo "2370"]
[BlackElo "2440"]
[PlyCount "116"]
[EventDate "2010.03.26"]
[EventType "match"]
[EventRounds "2"]
[EventCountry "VIE"]
[SourceTitle "CBM 135 Extra"]
[Source "ChessBase"]
[SourceDate "2010.05.04"]
[SourceVersion "1"]
[SourceVersionDate "2010.05.04"]
[SourceQuality "1"]

1. d4 d5 2. c4 c6 3. Nf3 Nf6 4. e3 e6 5. Bd3 Nbd7 6. 0-0 Bd6 7. Nc3 0-0 8. e4 dxc4 9. Bxc4 e5 10. Bb3 Qc7 11. h3 exd4 12. Nxd4 Nc5 13. Bc2 Re8 14. Qf3 Be5 15. Rd1 Ne6 16. Nf5 Nf4 17. g3 Bxf5 18. exf5 Bxc3 19. Bxf4 Be5 20. Be3 Bxb2 21. Rab1 Be5 22. Bb3 Re7 23. g4 Ne4 24. Rd3 Bf6 25. Bf4 Qa5 26. Rbd1 Nc5 27. Rd6 Nxb3 28. axb3 Re1+ 29. Kg2 Rxd1 30. Rxd1 Rd8 31. g5 Rxd1 32. Qxd1 Be7 33. f6 Bf8 34. fxg7 Bxg7 35. Qe2 Qd5+ 36. Kh2 Bd4 37. Qe7 Kg7 38. Bg3 b5 39. h4 Kg6 40. Qe2 Qf5 41. h5+ Kg7 42. Qe7 c5 43. b4 h6 44. gxh6+ Kxh6 45. Kg1 Kxh5 46. Qxa7 Qf3 47. Qb8 cxb4 48. Qxb5+ Kg6 49. Qa6+ f6 50. Qd6 Qd3 51. Qb8 Qc4 52. Qe8+ Kf5 53. Qh5+ Ke4 54. Kg2 Kd3 55. Qd1+ Kc3 56. Bf4 Qd5+ 57. Kh2 b3 58. Bc1 Be5+ 0-1

[Event "VIE-ch"]
[Site "Ho Chi Minh City"]
[Date "2009.12.16"]
[Round "9"]
[White "Nguyen, Manh Truong"]
[Black "Nguyen, Thanh Son"]
[Result "1/2-1/2"]
[WhiteElo "2160"]
[BlackElo "2362"]
[PlyCount "29"]
[EventDate "2009.12.10"]
[EventType "swiss"]
[EventRounds "9"]
[EventCountry "VIE"]
[SourceTitle "CBM 133 Extra"]
[Source "ChessBase"]
[SourceDate "2010.01.05"]
[SourceVersion "1"]
[SourceVersionDate "2010.01.05"]
[SourceQuality "1"]

1. c4 c6 2. Nc3 d5 3. cxd5 cxd5 4. d4 Nc6 5. Nf3 Nf6 6. g3 g6 7. Bg2 Bg7 8. 0-0 0-0 9. Bf4 Bf5 10. Ne5 Rc8 11. Rc1 Qa5 12. a3 Rfd8 13. Nxc6 Rxc6 14. Be5 Be6 15. e3 1/2-1/2

[Event "VIE-ch"]
[Site "Ho Chi Minh City"]
[Date "2009.12.14"]
[Round "6"]
[White "Nguyen, Thanh Son"]
[Black "Duong, The Anh"]
[Result "1/2-1/2"]
[WhiteElo "2362"]
[BlackElo "2440"]
[PlyCount "28"]
[EventDate "2009.12.10"]
[EventType "swiss"]
[EventRounds "9"]
[EventCountry "VIE"]
[SourceTitle "CBM 133 Extra"]
[Source "ChessBase"]
[SourceDate "2010.01.05"]
[SourceVersion "1"]
[SourceVersionDate "2010.01.05"]
[SourceQuality "1"]

1. d4 d5 2. c4 c6 3. Nc3 Nf6 4. Nf3 e6 5. cxd5 exd5 6. Qc2 g6 7. Bg5 Be7 8. e3 Bf5 9. Bd3 Bxd3 10. Qxd3 Nbd7 11. 0-0 0-0 12. Rab1 a5 13. Rfc1 Re8 14. Rc2 Ne4 1/2-1/2

[Event "VIE-ch"]
[Site "Ho Chi Minh City"]
[Date "2009.12.12"]
[Round "3"]
[White "Nguyen, Van Huy"]
[Black "Nguyen, Thanh Son"]
[Result "1/2-1/2"]
[WhiteElo "2414"]
[BlackElo "2362"]
[PlyCount "27"]
[EventDate "2009.12.10"]
[EventType "swiss"]
[EventRounds "9"]
[EventCountry "VIE"]
[SourceTitle "CBM 133 Extra"]
[Source "ChessBase"]
[SourceDate "2010.01.05"]
[SourceVersion "1"]
[SourceVersionDate "2010.01.05"]
[SourceQuality "1"]

1. c4 c6 2. Nf3 d5 3. e3 Nf6 4. Nc3 Nbd7 5. b3 e6 6. Bb2 Bd6 7. Qc2 Qe7 8. Be2 0-0 9. d4 Re8 10. 0-0 a6 11. Rfe1 e5 12. dxe5 Nxe5 13. cxd5 cxd5 14. Rad1 1/2-1/2

[Event "Ho Chi Minh City op"]
[Site "Ho Chi Minh City"]
[Date "2009.12.03"]
[Round "2"]
[White "Nguyen, Quynh Anh"]
[Black "Nguyen, Thanh Son"]
[Result "1-0"]
[WhiteElo "2102"]
[BlackElo "2362"]
[PlyCount "93"]
[EventDate "2009.12.03"]
[EventType "swiss"]
[EventRounds "9"]
[EventCountry "VIE"]
[SourceTitle "CBM 133 Extra"]
[Source "ChessBase"]
[SourceDate "2010.01.05"]
[SourceVersion "1"]
[SourceVersionDate "2010.01.05"]
[SourceQuality "1"]

1. e4 c5 2. Nf3 d6 3. d4 cxd4 4. Nxd4 Nf6 5. Nc3 a6 6. Be2 e6 7. 0-0 Be7 8. a4 0-0 9. Be3 Qc7 10. f4 b6 11. Bf3 Bb7 12. Qe1 Nbd7 13. Rd1 Rfe8 14. Bc1 Bf8 15. Qg3 Nc5 16. Rfe1 Rac8 17. e5 dxe5 18. fxe5 Nd5 19. Nxd5 Bxd5 20. Bxd5 exd5 21. Bf4 Qd7 22. b3 Ne4 23. Qf3 b5 24. axb5 axb5 25. Qd3 b4 26. Nf3 Qg4 27. Be3 Rc3 28. Qe2 Rec8 29. Nd4 Qg6 30. Rd3 R3c7 31. Rc1 Nc3 32. Qf3 Qe4 33. Bd2 Bc5 34. Bxc3 bxc3 35. Kh1 Qxe5 36. Nb5 Rd7 37. Nxc3 d4 38. Ne2 Re7 39. Ng3 g6 40. c4 Bb4 41. Kg1 Bc3 42. Qd1 Rce8 43. Rb1 Qc5 44. Qc2 Re1+ 45. Rxe1 Rxe1+ 46. Kf2 Qg5 47. Rxc3 1-0

[Event "VIE-chT"]
[Site "Nha Trang"]
[Date "2009.08.27"]
[Round "7"]
[White "Dao, Thien Hai"]
[Black "Nguyen, Thanh Son"]
[Result "1/2-1/2"]
[WhiteElo "2552"]
[BlackElo "2444"]
[PlyCount "30"]
[EventDate "2009.08.21"]
[EventType "team-tourn"]
[EventRounds "11"]
[EventCountry "VIE"]
[SourceTitle "CBM 132 Extra"]
[Source "ChessBase"]
[SourceDate "2009.11.03"]
[SourceVersion "1"]
[SourceVersionDate "2009.11.03"]
[SourceQuality "1"]

1. d4 d5 2. c4 c6 3. cxd5 cxd5 4. Nc3 Nf6 5. Nf3 Nc6 6. Bf4 e6 7. e3 Be7 8. Bd3 0-0 9. 0-0 a6 10. Rc1 Bd7 11. h3 b5 12. Qe2 Qb6 13. Rfd1 Rfc8 14. Ne5 Be8 15. Bb1 h6 1/2-1/2

[Event "VIE-chT"]
[Site "Nha Trang"]
[Date "2009.08.25"]
[Round "6"]
[White "Nguyen, Thanh Son"]
[Black "Ly, Hong Nguyen"]
[Result "1/2-1/2"]
[WhiteElo "2444"]
[BlackElo "2302"]
[PlyCount "30"]
[EventDate "2009.08.21"]
[EventType "team-tourn"]
[EventRounds "11"]
[EventCountry "VIE"]
[SourceTitle "CBM 132 Extra"]
[Source "ChessBase"]
[SourceDate "2009.11.03"]
[SourceVersion "1"]
[SourceVersionDate "2009.11.03"]
[SourceQuality "1"]

1. e4 c5 2. Nf3 d6 3. d4 cxd4 4. Nxd4 Nf6 5. Nc3 a6 6. Be2 e6 7. 0-0 Be7 8. f4 0-0 9. a4 Nc6 10. Be3 Bd7 11. Nb3 Qc7 12. Kh1 Rad8 13. Bf3 b6 14. Qd2 Bc8 15. Rad1 Bb7 1/2-1/2

[Event "VIE-chT"]
[Site "Nha Trang"]
[Date "2009.08.24"]
[Round "5"]
[White "Tu, Hoang Thong"]
[Black "Nguyen, Thanh Son"]
[Result "1/2-1/2"]
[WhiteElo "2509"]
[BlackElo "2444"]
[PlyCount "22"]
[EventDate "2009.08.21"]
[EventType "team-tourn"]
[EventRounds "11"]
[EventCountry "VIE"]
[SourceTitle "CBM 132 Extra"]
[Source "ChessBase"]
[SourceDate "2009.11.03"]
[SourceVersion "1"]
[SourceVersionDate "2009.11.03"]
[SourceQuality "1"]

1. d4 d5 2. Nf3 Nf6 3. Bf4 e6 4. Nbd2 c5 5. e3 Nc6 6. c3 Bd6 7. Bg3 0-0 8. Bd3 Re8 9. Ne5 Nxe5 10. dxe5 Nd7 11. f4 c4 1/2-1/2

[Event "Ho Chi Minh City zt 3.3"]
[Site "Ho Chi Minh City"]
[Date "2009.07.29"]
[Round "9"]
[White "Mas, Hafizulhelmi"]
[Black "Nguyen, Thanh Son"]
[Result "1-0"]
[WhiteElo "2391"]
[BlackElo "2362"]
[PlyCount "101"]
[EventDate "2009.07.23"]
[EventType "swiss"]
[EventRounds "9"]
[EventCountry "VIE"]
[SourceTitle "CBM 131 Extra"]
[Source "ChessBase"]
[SourceDate "2009.09.03"]
[SourceVersion "2"]
[SourceVersionDate "2009.09.16"]
[SourceQuality "1"]

1. e4 c5 2. Nf3 d6 3. d4 cxd4 4. Nxd4 Nf6 5. Nc3 a6 6. Be2 e6 7. 0-0 Be7 8. Be3 0-0 9. Kh1 Qc7 10. f4 b5 11. a3 Bb7 12. Bf3 Nbd7 13. Nb3 Rfe8 14. Qe1 Bf8 15. Rd1 Rac8 16. Qf2 Qb8 17. Na5 Ba8 18. Ba7 Qc7 19. Nb3 e5 20. Be3 exf4 21. Bxf4 Ne5 22. Bg5 Nfd7 23. Nd4 Nxf3 24. gxf3 g6 25. Rg1 Bg7 26. Nf5 Bxc3 27. bxc3 f6 28. Bf4 Re6 29. Bxd6 Qd8 30. Qh4 Qe8 31. Qh6 Qf7 32. Qh3 Kh8 33. Ne7 Rg8 34. Nxg6+ Rxg6 35. Rxg6 Rxe4 36. Rdg1 Re1 37. Rxe1 Qxg6 38. Qg3 Qxg3 39. hxg3 Bxf3+ 40. Kg1 Bg4 41. Re8+ Kg7 42. Ra8 Nb6 43. Ra7+ Kg8 44. Bc5 Nc4 45. Rxa6 Kf7 46. Ra7+ Ke6 47. Rxh7 Kd5 48. Bd4 f5 49. Ra7 Nb2 50. Rb7 Be2 51. Re7 1-0